Sport par lettre - L - Statistiques

Statistiques générales
  • Ce quiz a été pris 152 fois
  • Le résultat moyen est 12 sur 20
Statistiques - réponses
Hint Réponse % Correct
Pilote français 9 fois champion du monde Sébastien Loeb
93%
Poste occupé par Jules Koundé, Marcelo ou encore Nuno Mendes Latéral
86%
Ville française ou se déroule l'une des courses automobiles d'endurance les plus importantes Le Mans
85%
Quotidien sportif français L'Equipe
84%
Se produit si la balle touche la bande du filet, sans être faute, au cours d'un service Let
84%
Au basket, il rapporte 1 point Lancer-franc
81%
Fratrie de pongistes Lebrun
81%
Libre ou Gréco-Romaine Lutte
80%
Joueur le plus capé de l'histoire de la sélection française de football Hugo Lloris
70%
Il porte un maillot différent des autres volleyeurs de son équipe Libero
65%
Région italienne théatre du dernier monument cycliste de la saison Lombardie
63%
Un ancien ballon d'or est président de ce pays de 2018 à 2024 Liberia
61%
Premier blanc sous les 10 secondes Christophe Lemaitre
57%
Acronyme du club de rugby de Lyon LOU
56%
Entraineur de Laure Manaudou Philippe Lucas
56%
Sprinteur et sauteur, il est élu sportif du XXe siècle par le CIO Carl Lewis
40%
Rue parisienne dans la montée vers Montmartre où s’est rassemblée une foule immense pour voir passer les cyclistes du tour de France en 2025, ceux des JO en 2024 Lepic
21%
Pays européen classé au-delà de la 200e place au classement FIFA Liechtenstein
20%
Souvent considéré comme le plus grand pongiste de tous les temps Ma Long
6%
Sous-secrétaire d'Etat aux sports du Front populaire, il s'engage pour la massification du sport Léo Lagrange
2%
Aucun quiz correspondant
Distribution des résultats
% des personnes avec chaque résultat
Percentile par nombre de réponses
Votre historique - résultats
Vous n’avez pas pris ce quiz